[Event "12th EUR-ch"]
[Site "Aix-les-Bains FRA"]
[Date "2011.03.30"]
[Round "8.59"]
[White "Sokolov, Ivan"]
[Black "Bukavshin, Ivan"]
[Result "1/2-1/2"]
[WhiteElo "2643"]
[BlackElo "2501"]
[EventDate "2011.03.22"]
[PlyCount "85"]

1.d4 d5 2.Nf3 Nf6 3.c4 e6 4.Bg5 dxc4 5.Qa4+ Nbd7 6.Nc3 a6 7.Rd1 b5 8.Nxb5 
axb5 9.Qxa8 Bb4+ 10.Nd2 Nb6 11.Qc6+ Bd7 12.Qf3 Na4 13.Rb1 h6 14.Bxf6 gxf6 
15.Qe3 e5 16.a3 Ba5 17.dxe5 Bf5 18.b4 Bb6 19.Qf4 c3 20.Ne4 c2 21.Rc1 Bxe4 
22.Qxe4 Qd1+ 23.Rxd1 cxd1=Q+ 24.Kxd1 Nc3+ 25.Ke1 Nxe4 26.e3 c6 27.Bd3 f5 
28.g4 Ng5 29.f4 fxg4 30.fxg5 hxg5 31.Be4 Rh3 32.Bxc6+ Ke7 33.Bxb5 Rxe3+ 
34.Be2 Rxa3 35.Bxg4 Rb3 36.Rf1 Rxb4 37.Bh5 Rb1+ 38.Ke2 Rb2+ 39.Kd3 Rxh2 
40.Rxf7+ Ke6 41.Rf6+ Kxe5 42.Rxb6 Rxh5 43.Ke3 1/2-1/2

[Event "12th EUR-ch"]
[Site "Aix-les-Bains FRA"]
[Date "2011.03.30"]
[Round "8.60"]
[White "Alexandrov, Alexei"]
[Black "Flear, Glenn Curtis"]
[Result "1-0"]
[WhiteElo "2638"]
[BlackElo "2498"]
[EventDate "2011.03.22"]
[PlyCount "163"]

1.d4 d5 2.c4 c6 3.Nc3 Nf6 4.e3 e6 5.Nf3 Nbd7 6.Qc2 b6 7.Bd3 Bb7 8.O-O Be7 
9.Rd1 Qc7 10.a4 a6 11.cxd5 cxd5 12.Bd2 O-O 13.Rac1 Rac8 14.Qb1 Qb8 15.b4 
e5 16.dxe5 Nxe5 17.Be2 Nxf3+ 18.Bxf3 d4 19.exd4 Bxf3 20.gxf3 Bd6 21.Kg2 
Rfe8 22.b5 a5 23.Qf5 Ba3 24.Rc2 Re6 25.Bf4 Bd6 26.Bxd6 Rxd6 27.Ne4 Rxc2 
28.Nxd6 Rc3 29.Qe5 h6 30.d5 Qc7 31.Rd2 Rc1 32.f4 Rg1+ 33.Kxg1 Qc1+ 34.Kg2 
Qxd2 35.Nc4 Qxd5+ 36.Qxd5 Nxd5 37.f5 Kf8 38.Kf3 Ke7 39.Nb2 Kd6 40.Ke4 Nc3+
41.Kd3 Nd5 42.Kd4 Nf4 43.Nc4+ Kc7 44.Ne5 f6 45.Nc4 h5 46.Nd2 Kd6 47.Ne4+ 
Kc7 48.Ng3 h4 49.Ne4 Ne2+ 50.Ke3 Nc1 51.h3 Kd7 52.f4 Na2 53.Kf3 Nb4 54.Kg4
Nd5 55.Kxh4 Nxf4 56.Ng3 Nd3 57.Kh5 Ke7 58.Ne2 Ne5 59.Nf4 Kf7 60.Nd5 Nd7 
61.Kg4 g5 62.fxg6+ Kxg6 63.Kf4 Kh5 64.Kg3 Kg5 65.h4+ Kf5 66.Ne7+ Ke6 67.
Nc8 Kf5 68.Kf3 Kg6 69.Kg4 f5+ 70.Kf4 Kh5 71.Kxf5 Kxh4 72.Kg6 Kg4 73.Kf7 
Kf5 74.Ke7 Nc5 75.Nxb6 Ke4 76.Kd6 Kd4 77.Kc6 Nd3 78.Nd7 Kc4 79.b6 Nb4+ 80.
Kd6 Na6 81.b7 Kb4 82.Nc5 1-0

[Event "12th EUR-ch"]
[Site "Aix-les-Bains FRA"]
[Date "2011.03.30"]
[Round "8.61"]
[White "Stern, Rene"]
[Black "Bartel, Mateusz"]
[Result "0-1"]
[WhiteElo "2497"]
[BlackElo "2638"]
[EventDate "2011.03.22"]
[PlyCount "104"]

1.d4 f5 2.Nc3 d5 3.Bf4 a6 4.e3 Nf6 5.Bd3 e6 6.Nce2 c5 7.c3 c4 8.Bc2 Nc6 9.
h3 h6 10.Nf3 g5 11.Bh2 Bd6 12.Bxd6 Qxd6 13.h4 Rg8 14.b4 Bd7 15.a4 Ke7 16.
Ng3 Raf8 17.hxg5 hxg5 18.b5 axb5 19.axb5 Nd8 20.Ra7 Ng4 21.Rh7+ Rf7 22.
Rxf7+ Kxf7 23.Ke2 Qb8 24.Ra1 Ke7 25.b6 Nf7 26.Ra7 Nxe3 27.Kxe3 f4+ 28.Ke2 
fxg3 29.Qc1 gxf2 30.Kxf2 Bc8 31.Qe3 Qd6 32.Ra1 Qxb6 33.Rh1 Qb2 34.Qd2 g4 
35.Ne5 Nxe5 36.Rh7+ Kd8 37.dxe5 g3+ 38.Ke2 b5 39.Kd1 Qa1+ 40.Ke2 Qg1 41.
Qf4 Qxg2+ 42.Ke1 Qf2+ 43.Qxf2 gxf2+ 44.Kxf2 Rg5 45.Ke3 Rxe5+ 46.Kd4 Re2 
47.Bg6 Rg2 48.Bh5 Rg5 49.Kc5 d4+ 50.Kxd4 Rd5+ 51.Ke4 b4 52.cxb4 c3 0-1

[Event "12th EUR-ch"]
[Site "Aix-les-Bains FRA"]
[Date "2011.03.30"]
[Round "8.62"]
[White "Khalifman, Alexander"]
[Black "Yilmaz, Mustafa"]
[Result "1-0"]
[WhiteElo "2637"]
[BlackElo "2488"]
[EventDate "2011.03.22"]
[PlyCount "137"]

1.Nf3 Nf6 2.c4 e6 3.g3 a6 4.Bg2 b5 5.d3 Bb7 6.O-O c5 7.Nc3 b4 8.Na4 d6 9.
d4 cxd4 10.Nxd4 Bxg2 11.Kxg2 Qc7 12.Bg5 Nbd7 13.Rc1 Be7 14.Qb3 Rb8 15.Rfd1
O-O 16.Kg1 Rfc8 17.Bf4 Nh5 18.Be3 Ne5 19.c5 d5 20.Nb6 Re8 21.Qxb4 Nc4 22.
Rxc4 dxc4 23.Nf3 Nf6 24.Bf4 Qxc5 25.Qxc5 Bxc5 26.Bxb8 Bxb6 27.Be5 Ne4 28.
e3 f6 29.Bc3 Nxc3 30.bxc3 Ba5 31.Rd6 Bxc3 32.Rc6 a5 33.Rxc4 Bb4 34.Nd4 Kf7
35.Kf1 g6 36.a4 Re7 37.Nc6 Rd7 38.Nxb4 axb4 39.Rxb4 Ra7 40.Ke2 Ke7 41.Kd3 
Kd6 42.Kc3 e5 43.h4 f5 44.Kb3 Kc6 45.Rb8 Rd7 46.a5 Rd1 47.Kb2 Rd2+ 48.Ka3 
Rd1 49.Rb2 Ra1+ 50.Kb4 Rc1 51.Ra2 Rb1+ 52.Kc3 Rc1+ 53.Kd2 Rf1 54.Ke2 Rb1 
55.a6 Rb8 56.e4 Re8 57.a7 Kb7 58.a8=Q+ Rxa8 59.Rxa8 Kxa8 60.exf5 gxf5 61.
g4 fxg4 62.Ke3 Kb7 63.Ke4 Kc6 64.Kxe5 h5 65.Kf5 Kd5 66.Kg5 Ke4 67.Kxh5 Kf4
68.Kg6 Kf3 69.Kg5 1-0

[Event "12th EUR-ch"]
[Site "Aix-les-Bains FRA"]
[Date "2011.03.30"]
[Round "8.63"]
[White "Azarov, Sergei"]
[Black "Dubov, Daniil"]
[Result "1-0"]
[WhiteElo "2615"]
[BlackElo "2489"]
[EventDate "2011.03.22"]
[PlyCount "119"]

1.e4 e6 2.d4 d5 3.Nd2 c5 4.exd5 Qxd5 5.Ngf3 cxd4 6.Bc4 Qd6 7.O-O Nf6 8.Nb3
Nc6 9.Nbxd4 Nxd4 10.Nxd4 a6 11.Re1 Qc7 12.Qe2 Bd6 13.Bg5 O-O 14.Nf3 b5 15.
Bd3 Bb7 16.Bxf6 gxf6 17.Be4 Rfd8 18.Rad1 Rac8 19.c3 Bxe4 20.Qxe4 f5 21.Qh4
Bf8 22.a4 Qe7 23.Rxd8 Qxd8 24.Qh5 Qf6 25.axb5 axb5 26.Ne5 Bg7 27.h3 Qe7 
28.Qf3 Qc7 29.Nd3 Qd6 30.Ra1 Rd8 31.Ra8 Rxa8 32.Qxa8+ Bf8 33.Qf3 Qc7 34.g3
Bd6 35.Qe3 Qd8 36.h4 Bc7 37.Kg2 h6 38.Qf3 Kg7 39.b3 Qd7 40.Nc5 Qd6 41.b4 
Bd8 42.Nb7 Qc7 43.Nxd8 Qxd8 44.c4 bxc4 45.Qc3+ e5 46.Qxc4 Qd2 47.b5 e4 48.
Qc5 e3 49.Qe5+ Kh7 50.Qxf5+ Kg7 51.Qe5+ Kg8 52.Qxe3 Qd5+ 53.Kh2 Qxb5 54.
Qxh6 Qe2 55.Qg5+ Kh8 56.Qf6+ Kg8 57.Kg2 Qe4+ 58.Qf3 Qc4 59.Qh5 Qc6+ 60.Kh2
1-0

[Event "12th EUR-ch"]
[Site "Aix-les-Bains FRA"]
[Date "2011.03.30"]
[Round "8.64"]
[White "Popov, Ivan"]
[Black "Wells, Peter"]
[Result "1-0"]
[WhiteElo "2613"]
[BlackElo "2487"]
[EventDate "2011.03.22"]
[PlyCount "81"]

1.e4 e5 2.Nf3 Nc6 3.Bb5 a6 4.Ba4 Nf6 5.O-O Be7 6.Bxc6 dxc6 7.d3 Nd7 8.b3 
c5 9.Bb2 f6 10.Nh4 g6 11.g3 O-O 12.Ng2 Nb8 13.f4 Nc6 14.f5 gxf5 15.exf5 b5
16.Nd2 Bb7 17.h3 Rf7 18.Kh2 Nd4 19.c3 Nc6 20.Qe2 Kh8 21.Ne4 Qe8 22.g4 c4 
23.dxc4 bxc4 24.g5 fxg5 25.f6 Bd6 26.Qh5 Qg8 27.Ne3 Raf8 28.h4 Nd8 29.Nxd6
cxd6 30.hxg5 Ne6 31.Rg1 Qg6 32.Qxg6 hxg6 33.Nxc4 Rh7+ 34.Kg3 Nf4 35.Ba3 
Rh3+ 36.Kf2 Rh2+ 37.Kf1 Bf3 38.Rg3 e4 39.Bxd6 Rh1+ 40.Rg1 Bg2+ 41.Kf2 1-0

[Event "12th EUR-ch"]
[Site "Aix-les-Bains FRA"]
[Date "2011.03.30"]
[Round "8.65"]
[White "Can, Emre"]
[Black "Stevic, Hrvoje"]
[Result "1/2-1/2"]
[WhiteElo "2487"]
[BlackElo "2611"]
[EventDate "2011.03.22"]
[PlyCount "131"]

1.e4 d5 2.exd5 Qxd5 3.Nc3 Qd6 4.d4 Nf6 5.Nf3 g6 6.g3 Bg7 7.Bg2 Qa6 8.Bf4 
c6 9.Qd2 O-O 10.Ne5 Be6 11.Nd3 Nbd7 12.O-O Bc4 13.Rfd1 Bxd3 14.Qxd3 Qxd3 
15.Rxd3 e6 16.Ne4 Nxe4 17.Bxe4 Nf6 18.Bg2 Nd5 19.Bd2 Rfd8 20.Rd1 Rd7 21.b3
Ne7 22.Ba5 Nf5 23.g4 Nh4 24.Bh1 g5 25.c4 Ng6 26.d5 cxd5 27.cxd5 Nf4 28.
R3d2 exd5 29.Bxd5 Rc8 30.Bc4 Rxd2 31.Rxd2 b6 32.Bb4 Bf8 33.Bxf8 Kxf8 34.h4
b5 35.Bxb5 Rc1+ 36.Kh2 gxh4 37.Bc4 Ke7 38.a4 Kf6 39.Rd7 Kg5 40.Rxa7 Kxg4 
41.Rxf7 Rc2 42.a5 Rxf2+ 43.Kg1 Ra2 44.b4 Ra4 45.a6 Rxb4 46.a7 Ra4 47.Kh2 
h5 48.Bb3 Ra3 49.Bd1+ Kg5 50.Bf3 Rxf3 51.Rg7+ Kf6 52.a8=Q Rh3+ 53.Kg1 Kxg7
54.Qa7+ Kh6 55.Qb6+ Ng6 56.Qd6 Rg3+ 57.Kh2 Rg4 58.Qd2+ Kh7 59.Qd7+ Kh6 60.
Qd2+ Rf4 61.Qd8 Rf2+ 62.Kg1 Rf7 63.Kh2 Rf2+ 64.Kg1 Rf8 65.Qd2+ Rf4 66.Kh2 
1/2-1/2

[Event "12th EUR-ch"]
[Site "Aix-les-Bains FRA"]
[Date "2011.03.30"]
[Round "8.66"]
[White "Grigoryan, Avetik"]
[Black "Berescu, Alin-Mile"]
[Result "1-0"]
[WhiteElo "2608"]
[BlackElo "2481"]
[EventDate "2011.03.22"]
[PlyCount "75"]

1.d4 d5 2.c4 c6 3.Nc3 e6 4.e3 Nf6 5.Nf3 Nbd7 6.Bd3 dxc4 7.Bxc4 b5 8.Bd3 
Bb7 9.O-O a6 10.e4 c5 11.d5 c4 12.Bc2 Qc7 13.dxe6 fxe6 14.Nd4 Kf7 15.f4 
Bc5 16.Kh1 b4 17.Na4 Bxd4 18.Qxd4 Rad8 19.e5 Qc6 20.Qf2 Ng4 21.Qe2 h5 22.
f5 Ndxe5 23.fxe6+ Ke7 24.Bg5+ Nf6 25.Rf5 Nd3 26.Raf1 Rhf8 27.Be3 Rd5 28.
Rxd5 Nxd5 29.Bg5+ Nf6 30.b3 Qe4 31.Qxe4 Bxe4 32.bxc4 Rd8 33.Kg1 Rd6 34.Rd1
a5 35.Be3 Ng4 36.Bb6 Kxe6 37.Bxd3 Bxd3 38.Rxd3 1-0

[Event "12th EUR-ch"]
[Site "Aix-les-Bains FRA"]
[Date "2011.03.30"]
[Round "8.67"]
[White "Balogh, Csaba"]
[Black "Levin, Evgeny"]
[Result "1/2-1/2"]
[WhiteElo "2601"]
[BlackElo "2472"]
[EventDate "2011.03.22"]
[PlyCount "88"]

1.e4 e6 2.d4 d5 3.Nd2 Nf6 4.e5 Nfd7 5.c3 c5 6.Bd3 Nc6 7.Ne2 cxd4 8.cxd4 f6
9.exf6 Nxf6 10.Nf3 Bd6 11.O-O Qc7 12.Bg5 O-O 13.Bh4 Nh5 14.Qc2 h6 15.Bh7+ 
Kh8 16.Bg6 Rxf3 17.Bxh5 Rf8 18.Bg3 Bd7 19.Rac1 Rf6 20.Qb3 Bxg3 21.fxg3 
Raf8 22.Rf3 Rxf3 23.gxf3 Be8 24.Qa3 Kg8 25.Bxe8 Rxe8 26.Qxa7 Qf7 27.Qa3 e5
28.dxe5 Nxe5 29.Nd4 Nc4 30.Qb4 Qf6 31.Rd1 Qe5 32.Qc3 Nd6 33.Qd3 Nc4 34.Qc3
Nd6 35.Nc2 Qxc3 36.bxc3 Nb5 37.Rxd5 Nxc3 38.Rd7 Re2 39.Nb4 Nxa2 40.Nxa2 
Rxa2 41.Rxb7 Kh7 42.g4 Rc2 43.h4 h5 44.gxh5 Rc4 1/2-1/2

[Event "12th EUR-ch"]
[Site "Aix-les-Bains FRA"]
[Date "2011.03.30"]
[Round "8.68"]
[White "Bok, Benjamin"]
[Black "Reinderman, Dimitri"]
[Result "0-1"]
[WhiteElo "2463"]
[BlackElo "2601"]
[EventDate "2011.03.22"]
[PlyCount "114"]

1.e4 c5 2.Nf3 Nc6 3.Bb5 Nf6 4.Bxc6 dxc6 5.d3 Bg4 6.Nbd2 Nd7 7.h3 Bh5 8.g4 
Bg6 9.h4 h5 10.g5 e6 11.Rg1 Bd6 12.Qe2 b5 13.b3 O-O 14.Bb2 a5 15.a4 Re8 
16.Qe3 e5 17.Nh2 Nf8 18.Nhf1 Ne6 19.Ng3 Nf4 20.Nf5 Bf8 21.Nf3 Nd5 22.Qe2 
Bxf5 23.exf5 c4 24.dxc4 e4 25.Ne5 Bb4+ 26.Kf1 Nc3 27.Bxc3 Bxc3 28.Rd1 Qc7 
29.Nd7 Rad8 30.Rg3 Rxd7 31.Rxc3 Qh2 32.Rg3 Qh1+ 33.Rg1 Qh3+ 34.Rg2 Rxd1+ 
35.Qxd1 e3 36.fxe3 Qxf5+ 37.Kg1 Rxe3 38.axb5 Qe4 39.Kf1 cxb5 40.cxb5 Qf5+ 
41.Kg1 Qxb5 42.Rd2 Rg3+ 43.Kf2 Rg4 44.Rd8+ Kh7 45.Qd5 Qxd5 46.Rxd5 Rxh4 
47.Rxa5 Rh2+ 48.Kg3 Rxc2 49.Rf5 Kg6 50.Rb5 Rd2 51.b4 Rd4 52.Kf3 Rg4 53.Ke3
h4 54.Kf3 h3 55.Kxg4 h2 56.Rb6+ f6 57.gxf6 gxf6 0-1

[Event "12th EUR-ch"]
[Site "Aix-les-Bains FRA"]
[Date "2011.03.30"]
[Round "8.69"]
[White "Berbatov, Kiprian"]
[Black "Edouard, Romain"]
[Result "0-1"]
[WhiteElo "2454"]
[BlackElo "2600"]
[EventDate "2011.03.22"]
[PlyCount "58"]

1.e4 c5 2.Nf3 d6 3.d4 cxd4 4.Nxd4 Nf6 5.Nc3 Nc6 6.Bc4 Qb6 7.Nxc6 bxc6 8.
O-O g6 9.Qe1 Qc7 10.f4 Bg7 11.e5 Nd5 12.exd6 Qxd6 13.Ne4 Qc7 14.c3 O-O 15.
Qf2 Nb6 16.Bd3 Bf5 17.Re1 Rad8 18.Bf1 e6 19.Nc5 Rfe8 20.Be3 Nd5 21.Na6 Qb7
22.Bc5 Nf6 23.Bd4 Ng4 24.Qd2 Rxd4 25.cxd4 Qb6 26.g3 Bxd4+ 27.Kh1 Nf2+ 28.
Kg2 c5 29.Bc4 Qb7+ 0-1

[Event "12th EUR-ch"]
[Site "Aix-les-Bains FRA"]
[Date "2011.03.30"]
[Round "8.70"]
[White "Govciyan, Pavel"]
[Black "Nikolic, Predrag"]
[Result "0-1"]
[WhiteElo "2434"]
[BlackElo "2596"]
[EventDate "2011.03.22"]
[PlyCount "88"]

1.c4 e5 2.g3 c6 3.Bg2 Nf6 4.d4 Bb4+ 5.Bd2 Bxd2+ 6.Qxd2 e4 7.Nc3 d5 8.cxd5 
cxd5 9.f3 exf3 10.exf3 O-O 11.Nge2 b6 12.g4 Nc6 13.g5 Ne8 14.f4 Be6 15.Ng3
Nd6 16.O-O Ne7 17.f5 Nexf5 18.Nxf5 Nxf5 19.Bxd5 Rc8 20.Rae1 Bxd5 21.Rxf5 
Bb7 22.d5 Rc4 23.Qe2 Ba6 24.Qe3 Bc8 25.Re5 f6 26.gxf6 Qxf6 27.Re8 Bd7 28.
Rxf8+ Qxf8 29.Re2 h6 30.Rf2 Qd6 31.Kf1 Rg4 32.Ke1 b5 33.a3 a5 34.Qf3 Qg6 
35.Kd2 Rd4+ 36.Ke1 b4 37.axb4 axb4 38.Rg2 Bg4 39.Qe3 Rd3 40.Qe2 bxc3 41.
Rxg4 c2 42.Rxg6 c1=Q+ 43.Kf2 Rd2 44.Re6 Qxb2 0-1

[Event "12th EUR-ch"]
[Site "Aix-les-Bains FRA"]
[Date "2011.03.30"]
[Round "8.71"]
[White "Pantsulaia, Levan"]
[Black "Bellaiche, Anthony"]
[Result "1-0"]
[WhiteElo "2595"]
[BlackElo "2472"]
[EventDate "2011.03.22"]
[PlyCount "67"]

1.c4 Nf6 2.Nf3 c5 3.g3 b6 4.Bg2 Bb7 5.Nc3 e6 6.O-O Be7 7.d4 cxd4 8.Qxd4 d6
9.Bg5 a6 10.Bxf6 Bxf6 11.Qg4 O-O 12.Rfd1 Be7 13.Ne4 Bxe4 14.Qxe4 Ra7 15.
Nd4 Re8 16.e3 Qc8 17.b3 Qc5 18.a3 Qe5 19.Qd3 Rc7 20.f4 Qh5 21.Bf3 Qh3 22.
a4 g6 23.a5 bxa5 24.Rxa5 Bf8 25.Ne2 Nd7 26.b4 Nb6 27.Rxa6 Nxc4 28.Rc6 Nb2 
29.Qb3 Rxc6 30.Bxc6 Rc8 31.Rc1 Bg7 32.b5 Qh5 33.Rc2 Nd1 34.Bf3 1-0

[Event "12th EUR-ch"]
[Site "Aix-les-Bains FRA"]
[Date "2011.03.30"]
[Round "8.72"]
[White "Fauland, Alexander"]
[Black "Melkumyan, Hrant"]
[Result "1-0"]
[WhiteElo "2461"]
[BlackElo "2593"]
[EventDate "2011.03.22"]
[PlyCount "143"]

1.c4 Nf6 2.g3 d5 3.cxd5 Nxd5 4.Bg2 g6 5.Qa4+ Nc6 6.Nc3 Be6 7.Nf3 Nb6 8.Qf4
Bg7 9.Ng5 Bf5 10.Bxc6+ bxc6 11.g4 e5 12.Qf3 Qxg5 13.gxf5 Qxf5 14.Qxc6+ Qd7
15.Qc5 Qd6 16.Ne4 Qxc5 17.Nxc5 Bf8 18.Ne4 f5 19.Nc3 Kd7 20.d3 Bd6 21.Bd2 
c6 22.O-O-O a5 23.h4 h5 24.Rhg1 Rhg8 25.Bg5 a4 26.e4 f4 27.d4 exd4 28.Rxd4
Ke6 29.Ne2 c5 30.Rd3 Raf8 31.Rgd1 Be5 32.Rf3 Nc4 33.Nxf4+ Rxf4 34.Rxf4 Rb8
35.Rf3 Bxb2+ 36.Kc2 Bd4 37.Rb1 Rxb1 38.Kxb1 Nd6 39.Kc2 Nxe4 40.Be3 Be5 41.
Rf8 Kd5 42.Ra8 Nd6 43.Rxa4 Nf5 44.Bg5 Nd4+ 45.Kd3 Nc6 46.Bd2 Bd4 47.Ke2 c4
48.Ra3 Bf6 49.Rh3 Nd4+ 50.Kd1 Nf5 51.Bg5 Bd4 52.Ke2 Bb2 53.Rh1 Nd4+ 54.Ke3
Nc2+ 55.Kd2 Nb4 56.a4 c3+ 57.Ke2 Kc4 58.Bf6 Nd5 59.Bg7 Ba3 60.Bh6 c2 61.a5
Nc3+ 62.Kf3 Kb5 63.Ra1 Nb1 64.a6 Kxa6 65.Bc1 Kb5 66.Rxa3 Nxa3 67.Bxa3 Kc4 
68.Ke4 Kb3 69.Bc1 Kc3 70.f4 Kc4 71.Bd2 Kc5 72.Ke5 1-0

[Event "12th EUR-ch"]
[Site "Aix-les-Bains FRA"]
[Date "2011.03.30"]
[Round "8.73"]
[White "Buhmann, Rainer"]
[Black "Michalik, Peter"]
[Result "1/2-1/2"]
[WhiteElo "2590"]
[BlackElo "2471"]
[EventDate "2011.03.22"]
[PlyCount "86"]

1.Nf3 Nf6 2.c4 e6 3.g3 b6 4.Bg2 Bb7 5.O-O c5 6.Nc3 Be7 7.Re1 Ne4 8.d4 Nxc3
9.bxc3 d6 10.e4 O-O 11.h4 Nd7 12.Bf4 Re8 13.d5 exd5 14.cxd5 Bf6 15.Qc2 Ne5
16.Nxe5 Bxe5 17.Bxe5 dxe5 18.a4 c4 19.Qb2 Ba6 20.Qb4 Qe7 21.d6 Qe6 22.Rad1
Red8 23.Rd2 Bc8 24.Bf1 Qh6 25.Red1 Bg4 26.Be2 Bxe2 27.Rxe2 Rac8 28.Red2 g5
29.hxg5 Qxg5 30.a5 Qg6 31.axb6 axb6 32.Qxb6 h5 33.Qe3 Rc6 34.d7 h4 35.Kg2 
Qg4 36.Rd5 Rg6 37.Rxe5 Qxd1 38.Re8+ Kh7 39.Rxd8 hxg3 40.fxg3 Rf6 41.Kh2 
Qh5+ 42.Kg2 Qd1 43.Kh2 Qh5+ 1/2-1/2

[Event "12th EUR-ch"]
[Site "Aix-les-Bains FRA"]
[Date "2011.03.30"]
[Round "8.74"]
[White "Postny, Evgeny"]
[Black "Melia, Salome"]
[Result "1-0"]
[WhiteElo "2585"]
[BlackElo "2462"]
[EventDate "2011.03.22"]
[PlyCount "73"]

1.Nf3 Nf6 2.c4 e6 3.g3 d5 4.Bg2 Be7 5.d4 O-O 6.O-O dxc4 7.Qc2 a6 8.a4 Bd7 
9.Qxc4 Bc6 10.Bg5 Bd5 11.Qc2 Be4 12.Qc1 Nc6 13.e3 h6 14.Bxf6 Bxf6 15.Nc3 
Bh7 16.Rd1 Qe8 17.Nd2 e5 18.Nce4 Bd8 19.d5 Na7 20.d6 cxd6 21.Nxd6 Qe7 22.
Nxb7 Rc8 23.Nc4 Qb4 24.Nbd6 Rc7 25.Qd2 Qxd2 26.Rxd2 Bf6 27.Nb6 Be7 28.Rad1
Bc2 29.Rc1 Rd8 30.Nd5 Bxd6 31.Nxc7 Bxa4 32.Nxa6 Be7 33.Rxd8+ Bxd8 34.Nc5 
Bb5 35.Ra1 Bb6 36.Na4 Bxa4 37.Rxa4 1-0

[Event "12th EUR-ch"]
[Site "Aix-les-Bains FRA"]
[Date "2011.03.30"]
[Round "8.75"]
[White "Kotronias, Vasilios"]
[Black "Van Kampen, Robin"]
[Result "1-0"]
[WhiteElo "2583"]
[BlackElo "2456"]
[EventDate "2011.03.22"]
[PlyCount "65"]

1.e4 c5 2.Nf3 d6 3.d4 cxd4 4.Nxd4 Nf6 5.Nc3 a6 6.Bg5 e6 7.f4 Nbd7 8.Qf3 
Qc7 9.O-O-O b5 10.Bd3 Bb7 11.Rhe1 Qb6 12.Bxf6 Nxf6 13.f5 O-O-O 14.Nb3 e5 
15.a4 d5 16.axb5 dxe4 17.Nxe4 axb5 18.Qe2 Bb4 19.c3 Bd5 20.Nbd2 Be7 21.
Nxf6 Bxf6 22.Bxb5 Kc7 23.Bc4 Rb8 24.Nb3 Bc6 25.Bxf7 Rb7 26.Qc4 Kb8 27.Be6 
Bxg2 28.Qc5 Qa6 29.Kc2 Qa4 30.Qd6+ Rc7 31.Bd5 Bxd5 32.Qxd5 Bh4 33.Rxe5 1-0

[Event "12th EUR-ch"]
[Site "Aix-les-Bains FRA"]
[Date "2011.03.30"]
[Round "8.76"]
[White "Vedmediuc, Serghei"]
[Black "Ftacnik, Lubomir"]
[Result "1-0"]
[WhiteElo "2422"]
[BlackElo "2578"]
[EventDate "2011.03.22"]
[PlyCount "93"]

1.e4 c5 2.Nf3 d6 3.d4 cxd4 4.Nxd4 Nf6 5.Nc3 e6 6.Be2 Be7 7.O-O Nc6 8.Be3 
O-O 9.f4 e5 10.Nb3 a5 11.fxe5 dxe5 12.Qxd8 Bxd8 13.Bb5 Be6 14.Bc5 Re8 15.
Rad1 Bxb3 16.axb3 Be7 17.Bxe7 Rxe7 18.Nd5 Nxd5 19.Rxd5 Nd4 20.Bd3 g6 21.
Ra1 Rc8 22.Rdxa5 Nxc2 23.Ra8 Nxa1 24.Rxc8+ Kg7 25.Rc3 Rd7 26.Kf2 Rd4 27.
Ke3 Rb4 28.Bc4 f5 29.Bd5 b5 30.Rc7+ Kh6 31.Re7 Nxb3 32.Kd3 Rd4+ 33.Kc3 Nc1
34.Rxe5 Ne2+ 35.Kb3 Nf4 36.Bb7 b4 37.exf5 Nd3 38.Rd5 Nc1+ 39.Ka4 Rf4 40.
Rd1 Ne2 41.Rd2 Nc3+ 42.Ka5 Rxf5+ 43.Kxb4 Na2+ 44.Kc4 Rf6 45.Kc5 Nc1 46.Bd5
Rf1 47.b4 1-0

[Event "12th EUR-ch"]
[Site "Aix-les-Bains FRA"]
[Date "2011.03.30"]
[Round "8.77"]
[White "Roser, Kevin"]
[Black "Kozul, Zdenko"]
[Result "1-0"]
[WhiteElo "2423"]
[BlackElo "2568"]
[EventDate "2011.03.22"]
[PlyCount "107"]

1.e4 c5 2.Nf3 d6 3.d4 cxd4 4.Nxd4 Nf6 5.Nc3 Nc6 6.Bg5 e6 7.Qd2 a6 8.O-O-O 
Bd7 9.f4 b5 10.Bxf6 gxf6 11.Kb1 Rc8 12.Nxc6 Bxc6 13.Bd3 h5 14.Rhe1 b4 15.
Nd5 a5 16.f5 Bxd5 17.exd5 e5 18.Bb5+ Ke7 19.Bc6 Qb6 20.Qe3 Qxe3 21.Rxe3 
Bh6 22.Re2 Rb8 23.Rd3 h4 24.a3 Bf4 25.g3 hxg3 26.hxg3 Bg5 27.Ka2 Kf8 28.
axb4 axb4 29.Kb3 Kg7 30.Kc4 Rh1 31.Rb3 Rf1 32.Rxb4 Rxb4+ 33.Kxb4 Rxf5 34.
Bd7 Rf3 35.g4 Bc1 36.c3 Rf4+ 37.Kb3 Rf1 38.Bf5 Kh6 39.Kc4 Kg5 40.Kb5 Kf4 
41.Re4+ Kf3 42.b4 Bd2 43.c4 Rc1 44.c5 Bxb4 45.c6 Bc5 46.Ka6 Ra1+ 47.Kb7 
Rb1+ 48.Kc8 Bb6 49.Kd7 Ra1 50.Rb4 Ra7+ 51.Kxd6 Bc7+ 52.Kc5 e4 53.Bxe4+ 
Kxg4 54.Rb7 1-0

[Event "12th EUR-ch"]
[Site "Aix-les-Bains FRA"]
[Date "2011.03.30"]
[Round "8.78"]
[White "Jaracz, Pawel"]
[Black "Caspi, Israel"]
[Result "1-0"]
[WhiteElo "2565"]
[BlackElo "2451"]
[EventDate "2011.03.22"]
[PlyCount "119"]

1.e4 d5 2.exd5 Qxd5 3.Nc3 Qd6 4.d4 Nf6 5.Nf3 c6 6.Be3 Bg4 7.h3 Bh5 8.g4 
Bg6 9.Ne5 Nbd7 10.Nxg6 hxg6 11.Qf3 e6 12.O-O-O Qc7 13.Kb1 Nb6 14.Bc1 O-O-O
15.Bg2 Bd6 16.Bg5 Be7 17.h4 Rd7 18.Bc1 Bb4 19.Ne2 Rhd8 20.h5 gxh5 21.gxh5 
Ng8 22.c4 Bd6 23.Qb3 c5 24.d5 Kb8 25.dxe6 fxe6 26.Nc3 a6 27.Bh3 Re8 28.
Rhe1 Be5 29.Nd5 Nxd5 30.cxd5 Rxd5 31.Rxd5 exd5 32.f4 Nf6 33.fxe5 Rxe5 34.
Rf1 Nxh5 35.Bg2 Qc6 36.Ka1 Ka7 37.Qc3 Re7 38.b4 cxb4 39.Qxb4 Re6 40.Bb2 
Nf6 41.Rc1 Qe8 42.Qc5+ Kb8 43.Bd4 Rc6 44.Qa7+ Kc7 45.Rb1 Qc8 46.Rxb7+ Qxb7
47.Be5+ Rd6 48.Bxd6+ Kc6 49.Qc5+ Kd7 50.Be5 Ne4 51.Qd4 Ke8 52.Bxg7 Qc6 53.
Qg1 Qc2 54.Bb2 Kd7 55.Bh3+ Ke8 56.Qg8+ Ke7 57.Qe6+ Kf8 58.Qf5+ Ke8 59.Qg6+
Kf8 60.Bg7+ 1-0

[Event "12th EUR-ch"]
[Site "Aix-les-Bains FRA"]
[Date "2011.03.30"]
[Round "8.79"]
[White "Thorfinnsson, Bragi"]
[Black "Popov, Valerij"]
[Result "0-1"]
[WhiteElo "2417"]
[BlackElo "2565"]
[EventDate "2011.03.22"]
[PlyCount "34"]

1.c4 e6 2.g3 d5 3.Bg2 g6 4.cxd5 exd5 5.b3 c6 6.Nf3 Bg7 7.O-O Nf6 8.d3 O-O 
9.Nc3 d4 10.Na4 Nd5 11.e4 dxe3 12.fxe3 Nb6 13.Nc5 N8d7 14.Nxd7 Bxd7 15.a4 
Bg4 16.Kh1 Bxf3 17.Qxf3 Qd7 0-1

[Event "12th EUR-ch"]
[Site "Aix-les-Bains FRA"]
[Date "2011.03.30"]
[Round "8.80"]
[White "Vocaturo, Daniele"]
[Black "Ziska, Helgi Dam"]
[Result "0-1"]
[WhiteElo "2564"]
[BlackElo "2432"]
[EventDate "2011.03.22"]
[PlyCount "100"]

1.e4 c5 2.Nf3 d6 3.d4 cxd4 4.Nxd4 Nf6 5.Nc3 a6 6.Be3 e6 7.Be2 Qc7 8.g4 b5 
9.g5 Nfd7 10.a3 Nb6 11.Qd2 N8d7 12.O-O-O Nc4 13.Bxc4 bxc4 14.Kb1 Rb8 15.
Ka1 Nc5 16.Qe2 Bd7 17.Bc1 Na4 18.Nxa4 Bxa4 19.h4 Qc5 20.Rh3 g6 21.Rc3 Bb5 
22.Be3 Qc8 23.h5 Qb7 24.Bc1 e5 25.Nf3 Be7 26.Nh2 Bc6 27.Qxc4 Bb5 28.Qd5 
Qxd5 29.Rxd5 gxh5 30.f4 O-O 31.Nf3 Rfc8 32.fxe5 Rxc3 33.bxc3 dxe5 34.Nxe5 
Rc8 35.Bb2 Kf8 36.Ka2 Bxg5 37.c4 Rxc4 38.a4 Rxa4+ 39.Kb3 f6 40.c4 fxe5 41.
cxb5 axb5 42.Rxe5 h6 43.Kc2 h4 44.Kd3 h3 45.Rf5+ Ke8 46.Rf2 Ra2 47.Kc2 h2 
48.Rxh2 Bf6 49.Rxh6 Rxb2+ 50.Kc1 Bg5+ 0-1

[Event "12th EUR-ch"]
[Site "Aix-les-Bains FRA"]
[Date "2011.03.30"]
[Round "8.81"]
[White "Hovhannisyan, Robert"]
[Black "Potapov, Alexander"]
[Result "1-0"]
[WhiteElo "2560"]
[BlackElo "2425"]
[EventDate "2011.03.22"]
[PlyCount "57"]

1.e4 e5 2.Nf3 Nc6 3.Bb5 a6 4.Ba4 Nf6 5.O-O b5 6.Bb3 Bb7 7.d3 Bc5 8.Nc3 d6 
9.a3 h6 10.Be3 Nd7 11.Bd5 Qf6 12.b4 Bb6 13.a4 O-O-O 14.axb5 axb5 15.Nxb5 
Nd4 16.Bxd4 exd4 17.Na7+ Bxa7 18.Rxa7 Bxd5 19.exd5 Nb6 20.Qa1 Kd7 21.Qa5 
Rb8 22.Qb5+ Kd8 23.Qc6 Rc8 24.Re1 Qf5 25.Rb7 Qf4 26.Rxb6 cxb6 27.Qxb6+ Kd7
28.Nxd4 Rhe8 29.Qb7+ 1-0

[Event "12th EUR-ch"]
[Site "Aix-les-Bains FRA"]
[Date "2011.03.30"]
[Round "8.82"]
[White "Telljohann, Sven"]
[Black "Grandelius, Nils"]
[Result "1-0"]
[WhiteElo "2415"]
[BlackElo "2547"]
[EventDate "2011.03.22"]
[PlyCount "89"]

1.Nf3 Nf6 2.g3 g6 3.Bg2 Bg7 4.O-O O-O 5.d4 d6 6.a4 c6 7.a5 Nbd7 8.Nbd2 Qc7
9.e4 e5 10.dxe5 Nxe5 11.Nxe5 dxe5 12.Qe2 Bg4 13.Bf3 Be6 14.Nc4 b5 15.axb6 
axb6 16.Be3 Nd7 17.Bg4 f5 18.Bh3 b5 19.Nd2 Rae8 20.Ra7 Qd8 21.Rd1 Rf7 22.
Nf3 Bf6 23.Rd6 Qc8 24.exf5 gxf5 25.Rxe6 Rxe6 26.Bxf5 Ree7 27.Nd2 Qf8 28.
Qg4+ Qg7 29.Qh5 Nf8 30.Ra8 e4 31.Bh6 Qh8 32.Nxe4 Bg7 33.Qg5 Rxf5 34.Qxe7 
Bxh6 35.Qe6+ Rf7 36.Qxh6 Qxb2 37.Ng5 Qc1+ 38.Kg2 Rxf2+ 39.Kxf2 Qxc2+ 40.
Kg1 Qd1+ 41.Kg2 Qc2+ 42.Kh3 Qf5+ 43.Kh4 Qf2 44.Rxf8+ Qxf8 45.Qxh7# 1-0

[Event "12th EUR-ch"]
[Site "Aix-les-Bains FRA"]
[Date "2011.03.30"]
[Round "8.83"]
[White "Mastrovasilis, Athanasios"]
[Black "Erdogdu, Mert"]
[Result "1-0"]
[WhiteElo "2547"]
[BlackElo "2423"]
[EventDate "2011.03.22"]
[PlyCount "93"]

1.d4 Nf6 2.c4 g6 3.Nc3 d5 4.Bf4 Bg7 5.e3 O-O 6.Rc1 Be6 7.c5 c6 8.Nf3 Bg4 
9.Qb3 b6 10.cxb6 axb6 11.Ne5 Be6 12.Be2 Nfd7 13.Nf3 c5 14.Bb5 Na6 15.Qd1 
Bg4 16.Bc6 Bxf3 17.Qxf3 Nb4 18.Bxa8 Nd3+ 19.Kd2 Nxf4 20.exf4 Qxa8 21.dxc5 
Nxc5 22.Kc2 Bxc3 23.Qxc3 d4 24.Qxd4 Qxa2 25.Rhd1 Nb3 26.Qc4 Nxc1 27.Qxa2 
Nxa2 28.Kb3 Rc8 29.Kxa2 Rc2 30.Rf1 Kf8 31.Kb3 Re2 32.Kc3 Ke8 33.b3 Kd7 34.
Rd1+ Kc6 35.Rd2 Rxd2 36.Kxd2 Kd5 37.Kd3 h5 38.h4 f5 39.f3 Kc5 40.Kc3 Kd5 
41.Kb4 Kc6 42.Kc4 b5+ 43.Kd4 Kd6 44.b4 Kc6 45.Ke5 Kc7 46.Kd5 Kb6 47.g3 1-0